| 000 | 00816nam a2200289Ia 4500 | ||
|---|---|---|---|
| 001 | G3931 | ||
| 003 | IT-RoPAU | ||
| 008 | 130308s9999 xx 000 0 und d | ||
| 040 | _aIT-RoPAU | ||
| 040 | _cIT-RoPAU | ||
| 041 | _aINGLESE | ||
| 100 | _aGarfinkel Harold | ||
| 100 | _gCodice Aut. SPICS: 45300 | ||
| 245 | _aCurious Seriousness of Professional Sociology (The) | ||
| 245 | _bFormes de la Conversation (Les)-Volume 1 | ||
| 250 | _a1a ed. | ||
| 260 | _aPARIS | ||
| 260 | _bCNET | ||
| 260 | _c1990 [1° Ed.:1990 - Ed.Ling.Originale:1990] | ||
| 300 | _a"10 p. (prefazione: no ; testo: 10 [pagine: 69-78])" | ||
| 500 | _aCuriosa Serietà della Sociologia Professionale. | ||
| 650 | _aSAGGI DI LINGUISTICA | ||
| 650 | _eCodice materia Spics: 3207 | ||
| 942 | _cBK | ||
| 957 | _71 | ||
| 999 |
_c77932 _d77932 |
||
| 999 | _g1 | ||